000 01092cam a2200301 i 4500
001 18734617
003 ARRUPE
005 20221125094247.0
008 150807s2016 enk b 001 0 eng
010 _a 2015029579
020 _a9781138926295 (hardback : alk. paper)
020 _z9781315683348 (ebook)
028 _bArrupe
040 _aDLC
_beng
_cDLC
_erda
_dDLC
042 _apcc
050 0 0 _aBF458
_b.A43 2016
082 0 0 _a401/.9
_223
100 1 _aAlderman, Bret,
_eauthor.
_951907
245 1 0 _aSymptom, symbol and the other of language :
_ba Jungian interpretation of the linguistic turn /
_cBret Alderman.
300 _avi,153 pages ;
_c24 cm.
490 0 _aResearch in analytical psychology and Jungian studies series
504 _aIncludes bibliographical references and index.
650 0 _aPsycholinguistics.
650 0 _aJungian psychology.
_97018
906 _a7
_bcbc
_corignew
_d1
_eecip
_f20
_gy-gencatlg
942 _2lcc
_cMONOGRAPH
999 _c131557
_d131557